ELENMENTS OF INTERNET E- MAIL & JOURNALISM (Record no. 22090)

MARC details
000 -LEADER
fixed length control field 00314nam a22001337a 4500
003 - CONTROL NUMBER IDENTIFIER
control field SGT
020 ## - INTERNATIONAL STANDARD BOOK NUMBER
International Standard Book Number 978-81-8457-675-7
082 ## - DEWEY DECIMAL CLASSIFICATION NUMBER
Classification number 070.4
Item number CHA
100 ## - MAIN ENTRY--PERSONAL NAME
Personal name CHANDRA PANT, NAVEEN
245 ## - TITLE STATEMENT
Title ELENMENTS OF INTERNET E- MAIL & JOURNALISM
260 ## - PUBLICATION, DISTRIBUTION, ETC. (IMPRINT)
Place of publication, distribution, etc DELHI
Name of publisher, distributor, etc KANISHKA
Year of Publication 2015
300 ## - PAGE DESCRIPTION
No. of Pages 280
942 ## - ADDED ENTRY ELEMENTS (KOHA)
Source of classification or shelving scheme Dewey Decimal Classification
Koha item type Books
Holdings
Withdrawn status Lost status Source of classification or shelving scheme Damaged status Not for loan Collection code Home library Current library Shelving location Date acquired Vendor Name Cost, normal purchase price SGTU Total Checkouts Full call number Accession No. (Barcode) Date last seen Bill Date Koha item type
    Dewey Decimal Classification     MASS COMMUNICATION SGT Science & Social Sciences Library SGT Science & Social Sciences Library Text Book 10/02/2022 KANISHKA 900.00 SGTU   070.4 CHA MC897 10/02/2022   Books